000 00322nam a22001457a 4500
008 210519b ||||| |||| 00| 0 eng d
020 _a0873715748
041 _aeng
080 _a621
082 _a621
100 _a26
101 _aMEK
245 _aIndoor Air Quality and HVAC Systems
_cBearg,D.W
942 _2udc
_cBK
999 _c57507
_d57507